Größte Städte in Nordrhein-Westfalen A-Z - Statistiken

Allgemein
  • Dieses Quiz wurde 363 mal gespielt
  • Das Durchschnittsergebnis liegt bei 17 aus 24
Antwortstatistiken
# Einwohner Stadt % Korrekt
D 618.685 Düsseldorf
99%
A 262.670 Aachen
97%
E 574.682 Essen
97%
K 1.024.621 Köln
97%
B 358.676 Bochum
93%
G 267.930 Gelsenkirchen
93%
W 358.193 Wuppertal
90%
O 213.646 Oberhausen
88%
X 21.179 Xanten
85%
M 308.258 Münster
83%
P 156.378 Paderborn
80%
H 190.384 Hagen
76%
L 168.581 Leverkusen
76%
S 165.626 Solingen
73%
R 115.344 Recklinghausen
71%
I 93.326 Iserlohn
69%
N 154.317 Neuss
68%
U 58.333 Unna
66%
C 73.282 Castrop-Rauxel
50%
J 34.890 Jülich
46%
V 82.463 Velbert
42%
T 75.901 Troisdorf
34%
F 52.309 Frechen
28%
Z 21.780 Zülpich
24%
Keine übereinstimmenden Quizze gefunden
Verteilung der Resultate
Anzahl Personen mit jedem Resultat
Perzentil nach korrekt beantworteten Fragen
Ihre Resultats-Entwicklung
Sie haben dieses Quiz noch nicht gespielt